000 004360000a22001690004500
003 MACL
005 20160120120316.0
008 160120b xxu||||| |||| 00| 0 eng d
040 _aMACL
_cMACL
041 _aEnglish
082 _a150.9/MAX
100 _aMaxwell, john C.
_933497
245 _aBecoming A Person Of Influence
260 _bMagna Publication
_c2001
_aMumbai
650 _aPsychology
_933499
942 _cBK
_k150.9/Max
_2ddc
999 _c31850
_d31850